Diseño de un sistema de hoja de ruta y seguimiento para el desarrollo habitacional de terrenos y proyectos del Banco Hipotecario de la Vivienda
में बचाया:
| मुख्य लेखक: | |
|---|---|
| अन्य लेखक: | |
| स्वरूप: | पुस्तक |
| भाषा: | Spanish |
| प्रकाशित: |
[San José], Costa Rica
2022.
|
| विषय: | |
| टैग: |
टैग जोड़ें
कोई टैग नहीं, इस रिकॉर्ड को टैग करने वाले पहले व्यक्ति बनें!
|
MARC
| LEADER | 00000nam a2200000Ia 4500 | ||
|---|---|---|---|
| 003 | 013683 | ||
| 005 | 20230713153810.0 | ||
| 008 | 140116s2022 cr a 000 ||spa d | ||
| 040 | |c cru CEDI | ||
| 100 | |a Rodríguez González, Steward Andrey, 1996- |9 958 | ||
| 245 | |a Diseño de un sistema de hoja de ruta y seguimiento para el desarrollo habitacional de terrenos y proyectos del Banco Hipotecario de la Vivienda | ||
| 260 | |a [San José], Costa Rica |c 2022. | ||
| 500 | |a Proyecto de graduación (licenciatura en ingeniería civil)--Universidad de Costa Rica. Facultad de Ingeniería. Escuela de Ingeniería Civil | ||
| 501 | |a Director del Proyecto de Graduación: Ing. Eric Mata Abdelnour, PhD | ||
| 650 | |x CONSTRUCCION DE VIVIENDAS |x VIVIENDA - FINANCIACION |x PRESTAMO HIPOTECARIO |x INDUSTRIA DE LA CONSTRUCCION |x URBANISMO |x ADMINISTRACION DE PROYECTOS | ||
| 700 | |9 227 |a Mata Abdelnour, Erick, 1973- |d Director del TFG | ||
| 942 | |c CEDI |h TFG 8834 |6 TFG_8834_000000000000000 | ||
| 999 | |c 13285 |d 13285 | ||
